Menová politika v podmienkach hospodárskej depresie diplomová práca

Salvato in:
Dettagli Bibliografici
Autore principale: Baláž, Ondrej
Ente Autore: Národohospodárska fakulta EU. Katedra bankovníctva a medzinárodných financií
Altri autori: Kotlebová, Jana, 1969-
Natura: Libro
Lingua:slovacco
Pubblicazione: Bratislava 2010
Tags: Aggiungi Tag
Nessun Tag, puoi essere il primo ad aggiungerne!!

MARC

LEADER 00000nam a2200000 4500
001 0119328
005 20240318122704.7
041 0 |a slo 
044 |a SK 
245 1 0 |a Menová politika v podmienkach hospodárskej depresie  |b diplomová práca  |c Ondrej Baláž ; škol. Jana Kotlebová 
264 1 |a Bratislava  |c 2010 
300 |a 68 s. 
100 1 |a Baláž, Ondrej 
700 1 |a Kotlebová, Jana, 1969- 
710 2 |a Národohospodárska fakulta EU. Katedra bankovníctva a medzinárodných financií